00385nam a22001337a 4500082002200000100001600022245003500038260000900073300000800082650002200090942000700112952011500119999001700234 a181.079 SHA Vol-1 aSharif M.M. aA History of Muslim Philosophy c1963 a787 aIslam- Philosophy cBK 001040708REFaHMIbHMIcREFd2016-09-06l5o181.079 SHA Vol-1p9780r2019-11-07s2019-10-28w2026-01-16yBK c20121d20121